15 Largest Cities in Sierra Leone🇸🇱 - Statistics

General Stats
  • This quiz has been taken 10 times
  • The average score is 4 of 15
Answer Stats
Population City % Correct
802k Freetown
100%
174k Bo
50%
14k Kailahun
25%
143k Kenema
25%
88k Koidu
25%
14k Magburaka
25%
87k Makeni
25%
21k Port Loko
25%
19k Waterloo
25%
13k Binkolo
13%
13k Bumpe
13%
17k Kabala
13%
22k Lunsar
13%
12k Rokupr
13%
16k Segbwema
13%
No matching quizzes found
Score Distribution
Percent of People with Each Score
Percentile by Number Answered
Your Score History
You have not taken this quiz